|
|
|
|
| LEADER |
00000nam0a2200000 4500 |
| 001 |
248883 |
| 005 |
20231031212704.0 |
| 010 |
|
|
|a 5250006604
|
| 035 |
|
|
|a (RuTPU)RU\TPU\book\270800
|
| 090 |
|
|
|a 248883
|
| 100 |
|
|
|a 20140128d1989 m y0rusy50 ca
|
| 101 |
0 |
|
|a rus
|
| 102 |
|
|
|a RU
|
| 105 |
|
|
|a a z 000zy
|
| 200 |
1 |
|
|a Маркс, Энгельс, Ленин, КПСС о научно-техническом прогрессе
|e [сборник]
|f сост. Н. А. Лавренов
|
| 210 |
|
|
|a Москва
|c Политиздат
|d 1989
|
| 215 |
|
|
|a 368 с.
|c ил.
|
| 333 |
|
|
|a Исключено из фонда НТБ ТПУ
|
| 702 |
|
1 |
|a Лавренов
|b Н. А.
|4 220
|
| 801 |
|
1 |
|a RU
|b 63413507
|c 20140128
|
| 801 |
|
2 |
|a RU
|b 63413507
|c 20220311
|g RCR
|
| 942 |
|
|
|c BK
|